| 000 | 00917nas a2200289 4500 | ||
|---|---|---|---|
| 001 | BR2013002826 | ||
| 003 | BR-BrBNA | ||
| 005 | 20231205122200.0 | ||
| 007 | ta | ||
| 008 | 230509b bl.|||p| |||| 00| 00por d | ||
| 040 |
_aBR-BrBNA _bpor _cBiblioteca Nacional de Agricultura |
||
| 041 | _a(Pt) | ||
| 072 | _aP33 | ||
| 100 | 1 | _aSuzuki, L.E.A.S. | |
| 100 | 1 | _aLima, C.L.R. de | |
| 100 | 1 | _aReinert, D.J. | |
| 100 | 1 | _aReichert, J.M. | |
| 100 | 1 | _aPillon, C.N. | |
| 245 | 1 | _aCondição estrutural de um argissolo no Rio Grande do Sul, em floresta nativa, em pastagem cultivada e em povoamento com eucalipto | |
| 650 | _aEUCALIPTO | ||
| 650 | _aCOMPACTAÇÃO DO SOLO | ||
| 650 | _aPASTAGEM | ||
| 650 | _aRIO GRANDE DO SUL | ||
| 773 | 0 |
_tCiência Florestal (Brazil) _xISSN 0103-9954 _g(Oct-Dec 2012), v. 22(4) p. 833-843 _wBR2013002826 |
|
| 909 |
_a202311 _bLúcia _c55 _dLúcia Elande |
||
| 942 |
_2AGRIS _n0 _cANA |
||
| 999 |
_c227331 _d227331 |
||